1754 1087 1146 1346 1850 1099 1222 1327 1556 1905 1119 1178 1750 1756 1343 1710 1150 1872 1536 1819 1600 1574 1679 1132 1085 1088 1793 1091 1574 1579 1298 1014 1086 1745 1103 1007 1483 1526 1482 1398 1695 1772 1753 1030 1711 1245 1900 1457 1146 1609 1767 1954 1197 1411 1137 1246 1295 1320 1882 1375 1961 1602 1880 1847 1261 1276 1070 1276 1709 1948 1497 1680 1212 1840 1351 1687 1836 1171 1348 1742 1473 1637 1247 1812 1601 1804 1954 1891 1482 1260 1946 1144 1236 1497 1334 1193 1256 1350 1744 BCNSPRNW ULIB Ver.6.0+V

เปลี่ยนเป็นภาษาไทย

Change to English
 แสดงรายละเอียดบรรณานุกรม
  กลับหน้าหลัก

Brief Record : Get Marc (ISO 2709) : E-mail record : QR code < ปิดหน้าต่าง
LEADER : 00000nam 2200000uu 4500
001    13399121707
003     ULIB
008    121130s2546||||th 000 0 tha d
020    ^a9741322558
060 04 ^aWS^bว218ก
245 00 ^aPediatric primary care :^bcase illustrations /^cบรรณาธิการ, วรนุช จงศรีสวัสดิ์ ... [และคนอื่นๆ]
250    ^aพิมพ์ครั้งที่ 1
260    ^aกรุงเทพฯ :^bภาควิชากุมารเวชศาสตร์ คณะแพทยศาสตร์จุฬาลงกรณ์มหาวิทยาลัย,^c2546
300    ^a394 หน้า :^bภาพประกอบ ;^c30 ซม.
650  7 ^aกุมารเวชศาสตร์
700 0  ^aวรนุช จงศรีสวัสดิ์,^eบรรณาธิการ
710 2  ^aจุฬาลงกรณ์มหาวิทยาลัย. ^bคณะแพทยศาสตร์.^bภาควิชากุมารเวชศาสตร์
945    ^p300^l0^i12996
945    ^p300^l0^i13000
945    ^p300^l0^i13005
945    ^p300^l0^i13004
945    ^p300^l0^i13003
945    ^p300^l0^i13002
945    ^p300^l0^i12998
995    ^aวิภา
999 ^a ใช้งานได้ทุกระบบ
รายการนี้ยังไม่มีแท็ก
คุณยังไม่ได้ล็อกอิน คุณสามารถมีกิจกรรมร่วมกับเว็บไซต์ได้ แต่ต้องล็อกอินก่อน ::
  ล็อกอิน

รายการสื่อสารสนเทศ

ลำดับที่ ประเภท เลขเรียก/บาร์โค้ด สถานที่ สถานะ
1. วิทยาศาสตร์การแพทย์ และสุขภาพ
วิทยาศาสตร์การแพทย์ และสุขภาพ
WS ว218ก  
  Barcode: 12996
ห้องสมุดวิทยาเขตสวรรค์ประชารักษ์
►หนังสือทั่วไป
บนชั้น
2. วิทยาศาสตร์การแพทย์ และสุขภาพ
วิทยาศาสตร์การแพทย์ และสุขภาพ
WS ว218ก ฉ.2 
  Barcode: 13000
ห้องสมุดวิทยาเขตสวรรค์ประชารักษ์
►หนังสือทั่วไป
บนชั้น
3. วิทยาศาสตร์การแพทย์ และสุขภาพ
วิทยาศาสตร์การแพทย์ และสุขภาพ
WS ว218ก ฉ.3 
  Barcode: 13005
ห้องสมุดวิทยาเขตสวรรค์ประชารักษ์
►หนังสือทั่วไป
บนชั้น
4. วิทยาศาสตร์การแพทย์ และสุขภาพ
วิทยาศาสตร์การแพทย์ และสุขภาพ
WS ว218ก ฉ.4 
  Barcode: 13004
ห้องสมุดวิทยาเขตสวรรค์ประชารักษ์
►หนังสือทั่วไป
บนชั้น
5. วิทยาศาสตร์การแพทย์ และสุขภาพ
วิทยาศาสตร์การแพทย์ และสุขภาพ
WS ว218ก ฉ.5 
  Barcode: 13003
ห้องสมุดวิทยาเขตสวรรค์ประชารักษ์
►หนังสือทั่วไป
บนชั้น
6. วิทยาศาสตร์การแพทย์ และสุขภาพ
วิทยาศาสตร์การแพทย์ และสุขภาพ
WS ว218ก ฉ.6 
  Barcode: 13002
ห้องสมุดวิทยาเขตสวรรค์ประชารักษ์
►หนังสือทั่วไป
บนชั้น
7. วิทยาศาสตร์การแพทย์ และสุขภาพ
วิทยาศาสตร์การแพทย์ และสุขภาพ
WS ว218ก ฉ.7 
  Barcode: 12998
ห้องสมุดวิทยาเขตสวรรค์ประชารักษ์
►หนังสือทั่วไป
บนชั้น

รายการใกล้เคียง
    หัวเรื่อง [กุมารเวชศาสตร์]

BibComment


ยังไม่เคยถูกคอมเมนท์

คอมเมนท์ทรัพยากรรายการนี้
  คอมเมนท์: Pediatric primar..


 Copyright 2026. Bcnsprnw @Library